Statistics for US States Where Nirvana Is More Popular Than Metallica

Click here to take the quiz!

General Stats

  • This quiz has been taken 135 times
  • The average score is 2 of 6

Answer Stats

PercentState% Correct
53%Washington
85%
54%Arizona
37%
51%Hawaii
36%
52%Louisiana
13%
51%Connecticut
12%
65%South Carolina
8%

Score Distribution

Percentile by Number Answered

Percent of People with Each Score

Your Score History

You have not taken this quiz